CENSUS OF India,1961. Pt.IB report on vital statis (Record no. 666946)

MARC details
000 -LEADER
fixed length control field 00511nam a2200193Ia 4500
003 - CONTROL NUMBER IDENTIFIER
control field OSt
005 - DATE AND TIME OF LATEST TRANSACTION
control field 20220926041327.0
008 - FIXED-LENGTH DATA ELEMENTS--GENERAL INFORMATION
fixed length control field 220923b |||||||| |||| 00| 0 eng d
037 ## - SOURCE OF ACQUISITION
Terms of availability General Book
040 ## - CATALOGING SOURCE
Original cataloging agency RTL
Transcribing agency RTL
Language of cataloging eng
041 ## - LANGUAGE CODE
Source of code eng
Language code of text/sound track or separate title eng
245 #0 - TITLE STATEMENT
Title CENSUS OF India,1961. Pt.IB report on vital statis
490 ## - SERIES STATEMENT
Volume/sequential designation V7: Kerala
942 ## - ADDED ENTRY ELEMENTS (KOHA)
Classification part Y:5.2sN61, L0.7-IB
Koha item type General Books
Source of classification or shelving scheme Colon Classification (CC)

No items available.

Copyright @ Delhi University Library System